000 00609nam a22001817a 4500
005 20130711143736.0
010 _aENG-107953
020 _c895.00
_a9789350353141
035 _aEN-91486
037 _bDBAD/PUB
100 _aTahir Mahmood
245 0 0 _aReligion Law and society across the Globe :
_cby Tahir Mahmood
_bmusings of a seeker after truth /
260 _aDelhi
_bUniversal Law Publishing Co.
_c2013
270 _aC-FF-1A, Dilkhus Industrial Estate, (Near Azadpur Metro Station) G.T. Karnal Road,
_bDelhi
_e110033
300 _axi,518p.
_c22cm(Hb)
500 _aIncludes index
942 _2ddc
_cEN
_mTAH
999 _c77403
_d77403